Itinerari de Manresa á Berga / (Record no. 154483)

MARC details
000 -LEADER
campo de control de longitud fija 00883nam a2200217 i 4500
001 - NÚMERO DE CONTROL
campo de control 154483
003 - IDENTIFICADOR DE NÚMERO DE CONTROL
campo de control ES-MaACL
005 - FECHA Y HORA DE LA ÚLTIMA TRANSACCIÓN
campo de control 20230906205740.0
008 - DATOS DE LONGITUD FIJA--INFORMACIÓN GENERAL
campo de control de longitud fija 040709s1884 sp ao |||| | cat d
040 ## - FUENTE DE CATALOGACIÓN
Centro catalogador/agencia de origen CAM
Lengua de catalogación spa
Centro/agencia transcriptor CAM
080 ## - NÚMERO DE LA CLASIFICACIÓN DECIMAL UNIVERSAL
Número de la Clasificación Decimal Universal 913(460.235)
100 1# - ENTRADA PRINCIPAL--NOMBRE DE PERSONA
Nombre de persona Gomis i Mestre, Cels.
9 (RLIN) 58207
245 10 - MENCIÓN DEL TÍTULO
Título Itinerari de Manresa á Berga /
Mención de responsabilidad, etc. Cels Gomis.
260 ## - PUBLICACIÓN, DISTRIBUCIÓN, ETC.
Lugar de publicación, distribución, etc. Barcelona :
Nombre del editor, distribuidor, etc. [s.n.],
Fecha de publicación, distribución, etc. 1884 (
Fabricante Estampa de Lluis Tasso y Serra)
300 ## - DESCRIPCIÓN FÍSICA
Extensión 30 p., [1] h. fot. b. y n. ;
Dimensiones 22 cm.
500 ## - NOTA GENERAL
Nota general Datos tomados de cub.
595 ## -
-- Extraído de: Anuari de la Associació d'Excursions Catalana, 1882.
651 #4 - PUNTO DE ACCESO ADICIONAL DE MATERIA--NOMBRE GEOGRÁFICO
Nombre geográfico Barcelona (Provincia)-
Subdivisión general Descripción.
9 (RLIN) 153509
710 2# - ENTRADA AGREGADA--NOMBRE DE ENTIDAD CORPORATIVA
Nombre de entidad corporativa o nombre de jurisdicción como elemento de entrada Associació d'Excursions Catalana.
9 (RLIN) 134144
852 ## - LOCALIZACIÓN
Ubicación ES-MaACL
Número de control de estantería T-696-F-4
Nota libre - Enc. hol., conservando la cub. original
-- - An. ms.: ded. del autor a Gustavo Saenz Díez
-- - Enc. en un vol. facticio
Holdings
Estatus retirado Estado de pérdida Estado de daño No para préstamo Colección Biblioteca de origen Biblioteca actual Ubicación en estantería Fecha de adquisición Total de préstamos Signatura topográfica completa Código de barras Visto por última vez Precio de reemplazo Tipo de ítem Koha
        Colección de folletos Biblioteca del Ateneo de Madrid Biblioteca del Ateneo de Madrid Depósito folletos 17/01/2008   T-696-F-4 1161561 23/02/2023 23/02/2023 Folleto